| 000 | 00000nam 2200000za 4500 |
| 001 | 9.662328 |
| 003 | CaOODSP |
| 005 | 20240207110925 |
| 007 | ta |
| 008 | 150407|2001||||xxc||||| f|0| 0 fre d |
| 020 | |a0-662-65352-1 |
| 040 | |aCaOODSP|bfre |
| 041 | |aeng |
| 041 | |afre |
| 043 | |an-cn--- |
| 086 | 1 |aSE1-5/1-2000 |
| 245 | 03|aLe système électoral du Canada / |cPublié par le Directeur général des élections du Canada. |
| 260 | |aOttawa : |bÉlections Canada, |c2001. |
| 300 | |a56 p. : |bill. en couleur ; |c22 cm. |
| 520 | 3 |aDonnées de catalogage avant publication (Canada) imprimées dans cette publication. «Le système électoral du Canada a pour but d'expliquer en termes clairs le fonctionnement de l'administration électorale fédérale. Cette publication se veut avant tout outil de consultation simple et flexible. On y trouve des renseignements de base sur le système parlementaire canadien, l'histoire du vote au Canada et le rôle d'Élections Canada ainsi que sur les processus électoral et référendaire.»--Avant-propos. |
| 546 | |aBilingue |
| 563 | |aCouverture souple |
| 590 | |a01-32|b2001-08-10 |
| 691 | 07|aSystème électoral|2gcpds |
| 691 | 07|aÉlections|2gcpds |
| 710 | 2 |aÉlections Canada. |
| 776 | 0#|tLe système électoral du Canada |w(CaOODSP)9.642398 |
| 776 | 0#|tCanada's electoral system |w(CaOODSP)9.698386 |
| 791 | |tCanada's electoral system / |eeng|w(CaOODSP)9.662327 |